书目信息 |
| 题名: |
名家谈国学
|
|
| 作者: | ;中央国家机关团工委 编 | |
| 分册: | ||
| 出版信息: | 北京 人民出版社 2008.06 |
|
| 页数: | 447页 | |
| 开本: | 23cm | |
| 丛书名: | 中央国家机关青年系列 | |
| 单 册: | ||
| 中图分类: | Z126.27 | |
| 科图分类: | ||
| 主题词: | 国学--guo xue--研究--中国 | |
| 电子资源: | ||
| ISBN: | 978-7-01-006597-7 | |
| 000 | 01039nam 2200253 450 | |
| 001 | 012008797234 | |
| 005 | 20080901162201.42 | |
| 010 | @a978-7-01-006597-7@dCNY48.00 | |
| 100 | @a20080901d2008 em y0chiy0120 ea | |
| 101 | 0 | @achi |
| 102 | @aCN@b110000 | |
| 105 | @ay z 000zy | |
| 106 | @ar | |
| 200 | 1 | @a名家谈国学@Aming jia tan guo xue@f中央国家机关团工委编@Fzhong yang guo jia ji guan tuan gong wei bian |
| 210 | @a北京@c人民出版社@d2008.06 | |
| 215 | @a447页@d23cm | |
| 225 | 2 | @a中央国家机关青年系列@Azhong yang guo jia ji guan qing nian xi lie@i知识名家讲座丛书 |
| 330 | @a本书从时代关注、青年关切的角度切入,纵论古今、思考人生、探讨传统,一篇篇娓娓道来,为我们感受人文精神,增强人文智慧打开了一扇便捷的窗口。增强人文智慧打开了一扇便捷的窗口。 | |
| 410 | 0 | @12001 @a中央国家机关青年系列@i知识名家讲座丛书 |
| 606 | 0 | @a国学@Aguo xue@x研究@y中国 |
| 690 | @aZ126.27@v4 | |
| 711 | 02 | @a中央国家机关团工委@Azhong yang guo jia ji guan tuan gong wei@4编 |
| 801 | 0 | @aCN@bQSSK@c20080901 |
| 905 | @b733568-70@dZ126.27@eZ711@f3 | |
| 名家谈国学/中央国家机关团工委编.-北京:人民出版社,2008.06 |
| 447页;23cm.-(中央国家机关青年系列.知识名家讲座丛书) |
| ISBN 978-7-01-006597-7:CNY48.00 |
| 本书从时代关注、青年关切的角度切入,纵论古今、思考人生、探讨传统,一篇篇娓娓道来,为我们感受人文精神,增强人文智慧打开了一扇便捷的窗口。增强人文智慧打开了一扇便捷的窗口。 |
| ● |
| 相关链接 |
|
|
|
正题名:名家谈国学
索取号:Z126.27/Z711
 
预约/预借
| 序号 | 登录号 | 条形码 | 馆藏地/架位号 | 状态 | 备注 |
| 1 | 733568 | 207335686 | 自科库501/501自科库 125排1列2层/ [索取号:Z126.27/Z711] | 在馆 | |
| 2 | 733569 | 207335695 | 期刊室512/501自科库 125排1列2层/ [索取号:Z126.27/Z711] | 在馆 | |
| 3 | 733570 | 207335702 | 自科库501/501自科库 125排1列2层/ [索取号:Z126.27/Z711] | 在馆 |